[Event "Rhein Main op 13th"]
[Site "Bad Homburg"]
[Date "2010.06.06"]
[Round "7"]
[White "Lasschuit, Rene"]
[Black "Pasteiner, Gernot"]
[Result "1-0"]
[WhiteElo "1887"]
[BlackElo "1608"]
[PlyCount "23"]
[EventDate "2010.06.02"]
[EventType "swiss"]
[EventRounds "7"]
[EventCountry "GER"]
[SourceTitle "EXT 2011"]
[Source "ChessBase"]
[SourceDate "2010.11.26"]
[SourceVersion "1"]
[SourceVersionDate "2010.11.26"]
[SourceQuality "1"]

1. d4 Nf6 2. Nf3 e6 3. g3 d5 4. Bg2 b6 5. c4 Bb4+ 6. Bd2 Qe7 7. Qa4+ Bd7 8. Qxb4 Qxb4 9. Bxb4 Na6 10. Ba3 0-0-0 11. Ne5 dxc4 12. Nxf7 1-0

[Event "Rhein Main op 13th"]
[Site "Bad Homburg"]
[Date "2010.06.03"]
[Round "2"]
[White "Pasteiner, Gernot"]
[Black "Plattner, Rolf"]
[Result "0-1"]
[WhiteElo "1608"]
[BlackElo "1919"]
[PlyCount "68"]
[EventDate "2010.06.02"]
[EventType "swiss"]
[EventRounds "7"]
[EventCountry "GER"]
[SourceTitle "EXT 2011"]
[Source "ChessBase"]
[SourceDate "2010.11.26"]
[SourceVersion "1"]
[SourceVersionDate "2010.11.26"]
[SourceQuality "1"]

1. d4 Nf6 2. Nf3 e6 3. Bg5 d5 4. e3 Be7 5. Bd3 Nbd7 6. Nbd2 b6 7. c3 Bb7 8. 0-0 c5 9. Qa4 0-0 10. Ne5 Nxe5 11. dxe5 Nh5 12. Qh4 Bxg5 13. Qxh5 Bh6 14. f4 d4 15. Ne4 f5 16. Nd6 dxc3 17. bxc3 Bd5 18. Rad1 Qe7 19. Ba6 Rab8 20. Bb5 c4 21. Rd4 a6 22. Bxc4 Bxc4 23. Rxc4 b5 24. Rd4 Qc7 25. Rd3 Qc5 26. Rf3 b4 27. Rg3 bxc3 28. h3 Bxf4 29. Rxg7+ Kxg7 30. Nxf5+ Kh8 31. Rd7 Bxe3+ 32. Nxe3 Qxe3+ 33. Kh2 Qf4+ 34. Kg1 Rb1+ 0-1

[Event "Rhein Main op 13th"]
[Site "Bad Homburg"]
[Date "2010.06.03"]
[Round "3"]
[White "Urbach, Jens"]
[Black "Pasteiner, Gernot"]
[Result "0-1"]
[WhiteElo "966"]
[BlackElo "1608"]
[PlyCount "60"]
[EventDate "2010.06.02"]
[EventType "swiss"]
[EventRounds "7"]
[EventCountry "GER"]
[SourceTitle "EXT 2011"]
[Source "ChessBase"]
[SourceDate "2010.11.26"]
[SourceVersion "1"]
[SourceVersionDate "2010.11.26"]
[SourceQuality "1"]

1. e4 d5 2. exd5 Qxd5 3. Nc3 Qa5 4. d4 Nf6 5. Bd2 c6 6. Ne4 Qb6 7. Nxf6+ exf6 8. Bc3 Bd6 9. Bc4 0-0 10. Ne2 Re8 11. Qd2 Qc7 12. g3 Bg4 13. 0-0-0 Nd7 14. h3 Bf3 15. Rhg1 b5 16. Ba5 Nb6 17. Bd3 Qb7 18. Rde1 Nc4 19. Qc3 Nxa5 20. Qxa5 Qd7 21. g4 Bd5 22. Bf5 Be6 23. Bxe6 Rxe6 24. Kb1 Rae8 25. Qd2 R8e7 26. f4 Qe8 27. Rg2 Re4 28. Rf2 Bxf4 29. Rxf4 Rxe2 30. Rxe2 Rxe2 0-1

[Event "Rhein Main op 13th"]
[Site "Bad Homburg"]
[Date "2010.06.02"]
[Round "1"]
[White "Ziese, Gerhard"]
[Black "Pasteiner, Gernot"]
[Result "1-0"]
[WhiteElo "2052"]
[BlackElo "1608"]
[PlyCount "91"]
[EventDate "2010.06.02"]
[EventType "swiss"]
[EventRounds "7"]
[EventCountry "GER"]
[SourceTitle "EXT 2011"]
[Source "ChessBase"]
[SourceDate "2010.11.26"]
[SourceVersion "1"]
[SourceVersionDate "2010.11.26"]
[SourceQuality "1"]

1. e4 d5 2. exd5 Qxd5 3. Nc3 Qa5 4. Nf3 Nf6 5. Be2 Bf5 6. 0-0 e6 7. d3 c6 8. Bf4 Nbd7 9. a3 e5 10. Bg3 Be7 11. Re1 0-0 12. b4 Qc7 13. Nd2 Rfe8 14. Bf3 Be6 15. Qc1 Nd5 16. Qb2 Nxc3 17. Qxc3 f6 18. Re2 Bf7 19. Rae1 Nb6 20. Qa1 Rad8 21. Nf1 Rd7 22. d4 Qd8 23. dxe5 fxe5 24. Rxe5 Bf6 25. Rxe8+ Bxe8 26. Be5 Bxe5 27. Qxe5 Bg6 28. Bg4 Rd4 29. Be6+ Kh8 30. Bb3 h6 31. Qe7 Qb8 32. Ng3 Rd2 33. Ne4 Bxe4 34. Qxe4 Qf8 35. Qe3 Rd8 36. g3 Qf6 37. Qe7 Qxe7 38. Rxe7 Rd1+ 39. Kg2 Ra1 40. Rxb7 Rxa3 41. Rc7 Nd5 42. Rc8+ Kh7 43. b5 Ne7 44. Re8 Nf5 45. bxc6 Ra5 46. c7 1-0